1336 1200 1862 1615 1725 1864 1126 1669 1725 1021 1948 1181 1210 1913 1432 1792 1278 1382 1855 1768 1561 1398 1052 1566 1193 1063 1862 1657 1556 1598 1374 1756 1381 1792 1134 1816 1191 1383 1280 1019 1537 1614 1328 1472 1841 1873 1459 1868 1766 1076 1219 1597 1105 1654 1930 1859 1757 1866 1744 1970 1407 1799 1470 1707 1325 1137 1675 1956 1714 1165 1283 1109 1497 1125 1312 1826 1938 1587 1290 1644 1076 1160 1515 1532 1726 1872 1723 1048 1956 1461 1269 1987 1911 1614 1867 1817 1039 1696 1093 BCNSPRNW ULIB Ver.6.0+V

เปลี่ยนเป็นภาษาไทย

Change to English
 แสดงรายละเอียดบรรณานุกรม
  กลับหน้าหลัก

Brief Record : Get Marc (ISO 2709) : E-mail record : QR code < ปิดหน้าต่าง
LEADER : 00000nam 2200000uu 4500
001    13399111091
003     ULIB
008    110616s||||||||th 000 0 tha d
020    9748463583
050 04 BF441^bก575ก 2544
100 0  เกรียงศักดิ์ เจริญวงศ์ศักดิ์
245 10 การคิดเชิงเปรียบเทียบ =^bComparative thinking /^cเกรียงศักดิ์ เจริญวงศ์ศักดิ์
246 31 Comparative thinking
250    พิมพ์ครั้งที่ 1
260    กรุงเทพฯ :^bซัคเซส มีเดีย,^c2544
300    x, 155 หน้า ;^c21 ซม.
440  0 หนังสือชุด "ผู้ชนะ 10 คิด"
504    มีบรรณานุกรมและดรรชนี
591    LIPR มีพิมพ์ครั้งที่ 2 ปี 2546
650  7 ความคิด
945    ^p150^l0^i015440
945    ^p150^l0^i015439
995    ทศพร
999 ^a ใช้งานได้ทุกระบบ
รายการนี้ยังไม่มีแท็ก
คุณยังไม่ได้ล็อกอิน คุณสามารถมีกิจกรรมร่วมกับเว็บไซต์ได้ แต่ต้องล็อกอินก่อน ::
  ล็อกอิน

รายการสื่อสารสนเทศ

ลำดับที่ ประเภท เลขเรียก/บาร์โค้ด สถานที่ สถานะ
1. การศึกษาทั่วไป
การศึกษาทั่วไป
BF441 ก575ก 2544 ฉ.2 
  Barcode: 015440
ห้องสมุดวิทยาเขตนครสวรรค์
►หนังสือทั่วไป:l:General Books
บนชั้น

รายการใกล้เคียง
    ผู้แต่ง [เกรียงศักดิ์ เจริญวงศ์ศักดิ์]

    หัวเรื่อง [ความคิด]

BibComment


ยังไม่เคยถูกคอมเมนท์

คอมเมนท์ทรัพยากรรายการนี้
  คอมเมนท์: การคิดเชิงเปรียบเ..


 Copyright 2026. Bcnsprnw @Library